000 00510 a2200181 4500
003 OSt
005 20231211133915.0
008 231207b |||||||| |||| 00| 0 eng d
020 _a9789354829659
040 _coclc
082 _a894.8123
_bTOM/A
100 _aTomy, Sheela
_910079
245 _aAa Nadiyodu Peru Chodikkaruthu /
_cSheela Tomy
250 _a3rd ed.
260 _aKottayam:
_bD C Books,
_c2023.
300 _a304p.
942 _2ddc
_cBK
_h894.8123
_iTOM/A
_k894.8123
_mTOM/A
999 _c44010
_d44010